Heat transfer (Record no. 3641)

000 -LEADER
fixed length control field 00564nam a2200229 a 4500
001 - CONTROL NUMBER
control field 3641
003 - CONTROL NUMBER IDENTIFIER
control field BD-DhUET
008 - FIXED-LENGTH DATA ELEMENTS--GENERAL INFORMATION
fixed length control field 960506s1997 nyua b 001 0 eng
020 ## - INTERNATIONAL STANDARD BOOK NUMBER
International Standard Book Number 0071143203
020 ## - INTERNATIONAL STANDARD BOOK NUMBER
International Standard Book Number 0078447852
040 ## - CATALOGING SOURCE
Original cataloging agency DLC
Transcribing agency DLC
Modifying agency BD-DhUET
082 00 - DEWEY DECIMAL CLASSIFICATION NUMBER
Classification number 621.011
Item number HOL/1997
100 1# - MAIN ENTRY--PERSONAL NAME
Personal name Holman, J. P.
245 10 - TITLE STATEMENT
Title Heat transfer
250 ## - EDITION STATEMENT
Edition statement 8th ed.
260 ## - PUBLICATION, DISTRIBUTION, ETC. (IMPRINT)
Place of publication, distribution, etc. New York
Name of publisher, distributor, etc. McGraw-Hill
Date of publication, distribution, etc. 1997
300 ## - PHYSICAL DESCRIPTION
Extent xviii, 696 p.
Other physical details ill.
490 ## - SERIES STATEMENT
Series statement Schaum's outline series
504 ## - BIBLIOGRAPHY, ETC. NOTE
Bibliography, etc Includes bibliographies
650 #0 - SUBJECT ADDED ENTRY--TOPICAL TERM
Topical term or geographic name as entry element Heat transfer
942 ## - ADDED ENTRY ELEMENTS (KOHA)
Koha item type General Book
Holdings
Piece designation (barcode) Date acquired Koha issues (times borrowed) Sublocation or collection (holding branch) Withdrawn status Copy number Not for loan Price effective from Location (home branch) Koha date last borrowed Damaged status Koha full call number Koha item type Koha date last seen Koha normalized classification for sorting Source of classification or shelving scheme Koha out on loan Lost status Shelving location
924502014-11-033Central Library, BUET 1 2014-11-03Central Library, BUET2025-04-27 621.011/HOL/1997General Book2025-04-27621_011000000000000_HOL_1997 2025-05-11 Circulation section
924522014-11-03 Central Library, BUET 2 2014-11-03Central Library, BUET  621.011/HOL/1997General Book2014-11-03621_011000000000000_HOL_1997   Circulation section
924532014-11-03 Central Library, BUET 3 2014-11-03Central Library, BUET  621.011/HOL/1997General Book2016-07-30621_000000000000000_011HOL1997   Circulation section
924542014-11-031Central Library, BUET 4 2014-11-03Central Library, BUET2022-01-09 621.011/HOL/1997General Book2022-06-08621_000000000000000_011HOL1997   Circulation section
924552014-11-032Central Library, BUET 5 2014-11-03Central Library, BUET2024-10-02 621.011/HOL/1997General Book2024-10-28621_000000000000000_011HOL1997   Circulation section
924572014-11-033Central Library, BUET 6 2014-11-03Central Library, BUET2023-12-10 621.011/HOL/1997General Book2024-08-31621_000000000000000_011HOL1997   Circulation section
924592014-11-03 Central Library, BUET 7 2014-11-03Central Library, BUET  621.011/HOL/1997General Book2014-11-03621_000000000000000_011HOL1997   Circulation section
924602014-11-031Central Library, BUET 8 2014-11-03Central Library, BUET2024-03-12 621.011/HOL/1997General Book2024-08-28621_011000000000000_HOL_1997   Circulation section
924612014-11-031Central Library, BUET 9 2014-11-03Central Library, BUET2024-04-08 621.011/HOL/1997General Book2024-06-22621_000000000000000_011HOL1997   Circulation section
924622014-11-035Central Library, BUET 10 2014-11-03Central Library, BUET2024-12-10 621.011/HOL/1997General Book2025-03-12621_000000000000000_011HOL1997   Circulation section
924642014-11-031Central Library, BUET 11 2014-11-03Central Library, BUET2015-03-04 621.011/HOL/1997General Book2017-05-03621_000000000000000_011HOL1997   Circulation section
924652014-11-033Central Library, BUET 12 2014-11-03Central Library, BUET2019-06-17 621.011/HOL/1997General Book2019-07-10621_000000000000000_011HOL1997   Circulation section
924662014-11-033Central Library, BUET 13 2014-11-03Central Library, BUET2022-05-24 621.011/HOL/1997General Book2022-06-08621_000000000000000_011HOL1997   Circulation section
924682015-04-12 Central Library, BUET 14 2015-04-12Central Library, BUET  621.011 HOL/1997General Book2015-04-12621_011000000000000_HOL_1997   Circulation section
924472015-07-02 Central Library, BUET 15 2015-07-02Central Library, BUET  621.011/HOL/1997Reading Item2015-07-02621_011000000000000_HOL_1997   Reading section
924462015-07-09 Central Library, BUET 16 2015-07-09Central Library, BUET  621.011/HOL/1997Reading Item2015-07-09621_011000000000000_HOL_1997   Reading section